| 000 | 00695nam a22002297a 4500 | ||
|---|---|---|---|
| 005 | 20170124110039.0 | ||
| 010 | _aA-680563 | ||
| 020 |
_c00.00 _a8185182922 |
||
| 035 | _aA-680563 | ||
| 037 | _bCen Lib/Ret | ||
| 040 |
_aDPL _bEN |
||
| 082 |
_a881.08 _bMAJ |
||
| 100 |
_aMajumdar, A.K.Basu _923300 |
||
| 245 |
_aRabindranath Tagore : _cby A.K.Majumdar _bthe poet of India / |
||
| 260 |
_aNew Delhi _bIndus Publishing Company _c1993 |
||
| 270 |
_aFS-5, Tagore Garden _bNew Delhi _e110027 |
||
| 300 |
_a128p. _c20cm(Hb) |
||
| 500 | _aIncludes index | ||
| 650 |
_aFreedom movement in India _923301 |
||
| 650 |
_aIndia and the world _923302 |
||
| 942 |
_2ddc _cEN _h881.08 _mMAJ |
||
| 999 |
_c128409 _d128409 |
||